10 biggest Cities - Hawaii - Statistics

General Stats
  • This quiz has been taken 16 times
  • The average score is 4 of 10
Answer Stats
Inhabitants City % Correct
350.943 Honolulu
100%
44.186 Hilo
92%
45.295 Pearl City
62%
50.922 East Honolulu
46%
28.219 Kahului
31%
40.514 Kailua
31%
28.121 Mililani Town
15%
43.485 Waipahu
15%
25.707 Ewa Gentry
0%
37.430 Kaneohe
0%
No matching quizzes found
Score Distribution
Percent of People with Each Score
Percentile by Number Answered
Your Score History
You have not taken this quiz